Letters To Self (Record no. 12645)

MARC details
000 -LEADER
fixed length control field 00251nam a22000977a 4500
008 - FIXED-LENGTH DATA ELEMENTS--GENERAL INFORMATION
fixed length control field 240902b |||||||| |||| 00| 0 eng d
020 ## - INTERNATIONAL STANDARD BOOK NUMBER
International Standard Book Number 9789354405495
100 ## - MAIN ENTRY--PERSONAL NAME
Personal name Modi Narendra
9 (RLIN) 7799
245 ## - TITLE STATEMENT
Title Letters To Self
260 ## - PUBLICATION, DISTRIBUTION, ETC. (IMPRINT)
Place of publication, distribution, etc. New Delhi
Name of publisher, distributor, etc. Fingerprint
Date of publication, distribution, etc. 2022
Holdings
Withdrawn status Lost status Source of classification or shelving scheme Damaged status Koha normalized classification for sorting Not for loan Home library Current library Shelving location Date acquired Total Checkouts Full call number Barcode Date last seen Date last checked out Price effective from Koha item type
    Dewey Decimal Classification   MOD_821_000000000000000   Good Samaritan School Library Good Samaritan School Library ENGLISH LETTER WRITING 09/02/2024 1 MOD821 MOD17881 12/19/2024 12/17/2024 09/02/2024 BOOK

Powered by Koha